| Поле | Инд. | ПП | Название | Значение |
|---|---|---|---|---|
| Тип записи | a | |||
| Библиографический уровень | m | |||
| 001 | Контрольный номер | 0f626e49ca6d4894bcf80540f3c0efb0 | ||
| 005 | Дата корректировки | 20240709133604.7 | ||
| 020 | a | ISBN | 978-5-17-134063-6 | |
| c | Цена, тираж | 400-50 | ||
| 084 | a | Индекс другой классификации/Индекс ББК | 81.432.1 | |
| 090 | a | Полочн. индекс | 81.432.1 | |
| c | Каталожный индекс | 81.432.1 | ||
| x | Авторский знак | В 61 | ||
| 091 | i | Возрастная адресация (DOS) | 12+ | |
| 097 | b | Оператор | Кондратьева; Максимова | |
| 100 | 1_ | a | Автор | Вогнистая Е. В. |
| q | Полное имя | Вогнистая Елена Викторовна | ||
| 245 | 10 | a | Заглавие | Английская грамматика. English Grammar |
| b | Продолж. заглавия | [12+] | ||
| 260 | a | Место издания | Москва | |
| b | Издательство | АСТ | ||
| c | Дата издания | 2021 | ||
| 300 | a | Объем | 320 с. | |
| b | Иллюстрации/ тип воспроизводства | ил. | ||
| 440 | _0 | a | Серия | ОК English |
| 653 | 0_ | a | Ключевые слова | английский язык |
| 900 | a | Имя макрообъекта | 15401831 | |
| 901 | t | Тип документа | m |